BIBLIOTECA

SENCICO

Procedimiento administrativo para la obtención de licencia de habilitación urbana y licencia de edificación, elaboración de un expediente técnico para la licencia de edificación modalidad B / (Registro nro. 4987)

Detalles MARC
000 -LEADER
fixed length control field 01210nam a22002657a 4500
003 - CONTROL NUMBER IDENTIFIER
control field PE SENCICO BE
005 - DATE AND TIME OF LATEST TRANSACTION
control field 20251020182707.0
008 - FIXED-LENGTH DATA ELEMENTS--GENERAL INFORMATION
fixed length control field 240307b |||||||| |||| 00| 0 eng d
040 ## - CATALOGING SOURCE
Original cataloging agency PE SENCICO BE
Transcribing agency PE SENCICO BE
041 ## - LANGUAGE CODE
Language code of text/sound track or separate title spa
084 ## - OTHER CLASSIFICATION NUMBER
Classification number I
-- EDI
-- 2017
Item number A93
100 1# - MAIN ENTRY--PERSONAL NAME
9 (RLIN) 2019
Personal name Ayala Ramos, Denny David
Relator term autor
245 1# - TITLE STATEMENT
Title Procedimiento administrativo para la obtención de licencia de habilitación urbana y licencia de edificación, elaboración de un expediente técnico para la licencia de edificación modalidad B /
Statement of responsibility, etc. Denny David Ayala Ramos
260 ## - PUBLICATION, DISTRIBUTION, ETC.
Place of publication, distribution, etc. Lima :
Date of publication, distribution, etc. 2017
300 ## - PHYSICAL DESCRIPTION
Extent 2 v. :
Other physical details tabls., graf. ;
Dimensions 30 cm.
500 ## - GENERAL NOTE
General note El volumen 2 contiene planos.
502 ## - DISSERTATION NOTE
Dissertation note Monografía de Titulación.-- Servicio Nacional de Capacitación para la Industria de la Construcción. Escuela Superior Técnica. Carrera Profesional Técnica en Edificaciones, 2017.
650 10 - SUBJECT ADDED ENTRY--TOPICAL TERM
9 (RLIN) 216
Topical term or geographic name entry element Edificaciones
650 20 - SUBJECT ADDED ENTRY--TOPICAL TERM
9 (RLIN) 1706
Topical term or geographic name entry element Procedimientos administrativos
650 20 - SUBJECT ADDED ENTRY--TOPICAL TERM
9 (RLIN) 863
Topical term or geographic name entry element Presupuestos de obra
650 20 - SUBJECT ADDED ENTRY--TOPICAL TERM
9 (RLIN) 599
Topical term or geographic name entry element Metrados
710 1# - ADDED ENTRY--CORPORATE NAME
Corporate name or jurisdiction name as entry element Servicio Nacional de Capacitación para la Industria de la Construcción.
Subordinate unit Escuela Superior Técnica
9 (RLIN) 1065
910 ## - USER-OPTION DATA (OCLC)
-- hfp
-- hfp
942 ## - ADDED ENTRY ELEMENTS (KOHA)
Koha item type Monografía de Titulación
Existencias
Fecha de la última vez que lo usaron Número de ingreso o de inventario Pago total Signatura topográfica completa Código de barras Precio efectivo desde Tipo de documento Estado perdido Estado dañado No es para préstamo Retirado Ubicación permanente Ubicación actual Fecha de adquisición
07/03/2024 I-00555   I/EDI/2017/A93/v. 2 BibLima24030036 07/03/2024 Monografía de Titulación         Biblioteca Central Lima Biblioteca Central Lima 07/03/2024
07/03/2024 I-00556   I/DIS/2017/A93/v. 1 BibLima24030037 07/03/2024 Monografía de Titulación         Biblioteca Central Lima Biblioteca Central Lima 07/03/2024